Music Quiz

Random Music or Kpop Quiz

BTS 180 Challenge (Audio) Quiz Stats

Quiz not verified by Sporcle

Also try: Five Song Frenzy
Challenge
Share
Tweet
Score 0/15 Timer 05:00
0 Plays Today
Time Song % Correct
0:00-0:15 Danger
96.9%
0:32-0:47Blood, Sweat, & Tears
96.1%
0:16-0:31I Need U
94.2%
1:36-1:51Dope
93.5%
1:04-1:19War of Hormone
91.8%
1:52-2:07No More Dream
89.5%
1:20-1:35Boy In Luv
88.1%
2:08-2:23Run
87.3%
Time Song % Correct
2:40-2:55Fire
85.6%
2:24-2:39N.O
85.3%
0:48-1:03Not Today
82.1%
3:28-3:43Just One Day
81%
2:56-3:11We Are Bulletproof Pt.2
78.5%
3:44-3:59Spring Day
78.2%
3:12-3:27Save ME
74.5%

You're not logged in!

Compare scores with friends on all Sporcle quizzes.
Join for Free
OR
Log In

You Might Also Like...

Show Comments

Extras

Created Jun 9, 2017ReportNominate
Tags:Kpop Quiz, Kpop Quiz

Top Quizzes Today


Score Distribution

Your Account Isn't Verified!

In order to create a playlist on Sporcle, you need to verify the email address you used during registration. Go to your Sporcle Settings to finish the process.

Report this User

Report this user for behavior that violates our Community Guidelines.

Details: